| 000 | | | 03743nmc2a22000003x 450 |
| 001 | | | 7fd26493-f737-491b-a2a9-2970bfad7b36 |
| 005 | | | 20181226121859.0 |
| 100 | ## | $a | 20170629l18471847k l0rusy0189 ca |
| 101 | 0# | $a | rus |
| 102 | ## | $a | RU |
| 200 | 1# | $a | Дело о высочайшем разрешении давать на санкт-петербургских театрах пьесу "Échec et Mat" |
| | $j | 27 октября 1847 г. |
| 251 | ## | $c | Дело |
| 300 | ## | $a | По Канцелярии директора за 1847 год |
| 300 | ## | $a | Дело |
| 801 | #0 | $a | RU |
| | $b | РГИА |
| | $c | 20170629 |
| | $g | RCR |
| 801 | #1 | $a | RU |
| | $b | ГлавНИВЦ |
| | $c | 20170629 |
| | $2 | rusmarc |
| 801 | #2 | $a | RU |
| | $b | ПБ им. Б.Н. Ельцина |
| | $c | 20181226 |
| | $g | RCR |
| | $2 | rusmarc |
| 850 | ## | $a | РГИА |
| 852 | ## | $a | РГИА |
| | $e | Федеральное казенное учреждение "Российский государственный исторический архив" (РГИА) |
| | $j | 11470 |
| 937 | ## | $h | РГИА |
| | $d | 12247395 |
| | $a | ASBIBLIO_SCAN |
| 462 | #0 | $1 | 001dd3991dc-24e1-42ec-8838-ca4255420416 |
| | $1 | 2001 |
| | $a | Дирекция императорских театров (1746-1850 гг.) |
| | $1 | 251 |
| | $c | Опись |
| | $1 | 852 |
| | $j | 1 |
| 461 | #0 | $1 | 0019264ebf8-de62-4f1a-9eb4-9f22098dbbd5 |
| | $1 | 2001 |
| | $a | Дирекция императорских театров Министерства императорского двора |
| | $1 | 251 |
| | $c | Фонд |
| | $1 | 852 |
| | $j | 497 |
| 215 | ## | $a | 4 л. |
| | $d | 36,5х26 см |
| 371 | ## | $a | Документ не является опубликованным и широко распространяемым |
| 105 | ## | $a | y### |
| 122 | 0# | $a | d |
| 035 | ## | $a | 7fd26493-f737-491b-a2a9-2970bfad7b36 |
| 856 | ## | $u | http://readingroom.main.prlib.ru/item.aspx?id_node=n122428906&mode=full |